000 00566nam a2200193Ia 4500
005 20251006225625.0
008 251006t2003||||xx |||||||||||||| ||und||
040 _aCBC
100 _aLuque Alcaide, Elisa
245 _aLa restauración de la vida católica en América Latina en la segunda mitad del siglo XIX
300 _ap. 71-89
650 _aCONCILIOS
650 _aHISTORIA ECLESIASTICA
650 _aIGLESIA CATOLICA
650 _aSIGLOS XIX
651 _aAMERICA LATINA
773 _aAnuario de historia de la iglesia No. 12 (2003)
942 _tMJCh
999 _c14413
_d14413